000 00899nam a22002651u 4500
001 05662
003 HDC
007 cr bn ---
008 210121p xx fo d 00 engg
040 _aHDC
100 _aDr. Heiner Lehr
_95945
245 0 _aTraceability and Authenticity in the Global Halal Supply Chain /
_cby Dr. Heiner Lehr
260 _a[No place] :
_b[publisher not identified],
_c2011
300 _a28 pages :
_bIllustrations
336 _atext
_2rdacontent
337 _acomputer
_2rdamedia
338 _aonline resource
_2rdacarrier
650 _aHalal food
_950
650 _aHalal industry
_9144
650 _aHalal Supply Chain
_9327
856 _zRequest full-text at [email protected]
942 _2lcc
942 _cSLIDE
942 _kSLID 000444
999 _c2986
_d2986